Riconosci il Pokémon - Quiz n°91 - Statistics

Statistiche generali
  • Questo quiz è stato fatto 5 volte
  • Il punteggio medio è 9 su 10
Statistiche sulle risposte
Indizio Risposta % Corretto
Tipo Normale
100%
Abilità Spiritovivo
100%
Generazione Terza
100%
Tasso di cattura 120 (24.9%)
80%
Altezza 1,40 m
80%
Peso 46,5 kg
80%
Sesso 50% ♂, 50% ♀
80%
Tasso di allevamento Lento
80%
Stadio evoluzione Prima evoluzione
80%
Pokémon Vigoroth
80%
Nessun quiz corrispondente trovato
Distribuzione punteggi
Percentuale di utenti per punteggio
Percentile per numero di risposta
I tuoi punteggi nel tempo
Non hai fatto questo quiz